[Event "Maarssen OKU op-B"]
[Site "Maarssen"]
[Date "2013.06.02"]
[Round "5"]
[White "Welch, Wayne"]
[Black "Wuijts, Johan"]
[Result "0-1"]
[WhiteElo "1832"]
[BlackElo "1791"]
[PlyCount "110"]
[EventDate "2013.05.31"]
[EventType "swiss"]
[EventRounds "6"]
[EventCountry "NED"]
[SourceTitle "EXT 2015"]
[Source "ChessBase"]
[SourceDate "2014.11.20"]
[SourceVersion "1"]
[SourceVersionDate "2014.11.20"]
[SourceQuality "1"]

1. e4 e6 2. d4 d5 3. Nc3 Bb4 4. e5 c5 5. Bd2 Ne7 6. Nb5 Bxd2+ 7. Qxd2 0-0 8. dxc5 Nbc6 9. f4 f6 10. Nf3 fxe5 11. Nxe5 Nxe5 12. fxe5 Nc6 13. 0-0-0 Nxe5 14. h3 Bd7 15. Nd4 Qc7 16. Re1 Rae8 17. Nb3 Nc6 18. Bb5 Qf4 19. Bxc6 bxc6 20. Re2 e5 21. Rhe1 e4 22. Qxf4 Rxf4 23. Re3 Kf7 24. Nd4 Re7 25. Kd2 Rf2+ 26. R1e2 Rf1 27. Re1 Rf2+ 28. R1e2 Rf1 29. a3 Kf6 30. Re1 Rxe1 31. Kxe1 Ke5 32. c3 a5 33. a4 Be8 34. Ke2 Rb7 35. b3 h5 36. Rg3 Kf4 37. Re3 h4 38. Kf2 Bh5 39. Re1 g5 40. Ne6+ Ke5 41. Nd4 Be8 42. Ke3 Rf7 43. Re2 Rf1 44. Rf2 Rc1 45. Kd2 e3+ 46. Kxc1 exf2 47. Nf3+ Kf4 48. Nd2 Kg3 49. b4 Kxg2 50. bxa5 Bd7 51. a6 Bc8 52. a7 Bb7 53. a5 f1Q+ 54. Nxf1 Kxf1 55. a6 Ba8 0-1